| 000 | 00444nam a2200169Ia 4500 | ||
|---|---|---|---|
| 008 | 240830s2007 xx 000 0 und d | ||
| 041 | _aeng | ||
| 082 | _a618.1/ZUT | ||
| 100 | _aZUTSHI V/RATHORE/SHARMA. | ||
| 245 | _aHORMONES IN OBSTETRICS & GYNAECOLOGY. | ||
| 250 | _a2 | ||
| 260 |
_aPUNE _bJAYPEE BROTHERS _c2007 |
||
| 300 | _a165p | ||
| 650 | _aGYNAECOLOGY | ||
| 906 | _aHORMONES IN OBSTETRICS & GYNAECOLOGY. | ||
| 999 |
_c1187327 _d1187327 |
||